|
|
|
|
| LEADER |
01984njm a2200457 a 4500 |
| 001 |
001230862 |
| 003 |
CZ BrMZK |
| 005 |
20201120100220.0 |
| 007 |
sd fsngnnmmned |
| 008 |
120716s2011 xr mun g ff cze d |
| 028 |
0 |
1 |
|a UP 0142-2 131
|b Arco Diva
|
| 040 |
|
|
|a BOA001
|b cze
|
| 041 |
0 |
|
|g eng
|g cze
|
| 048 |
|
|
|a cd01
|b vu04
|a ob01
|
| 072 |
|
7 |
|a 784
|x Vokální hudba
|2 Konspekt
|9 9
|
| 080 |
|
|
|a 783.23
|2 MRF
|
| 080 |
|
|
|a 785.7.082.1
|2 MRF
|
| 080 |
|
|
|a 783.9
|2 MRF
|
| 080 |
|
|
|a (086.76)
|2 MRF
|
| 100 |
1 |
|
|a Ryba, Jakub Jan,
|d 1765-1815
|7 jk01103232
|4 cmp
|
| 240 |
1 |
0 |
|a Hej mistře
|7 aun2006373373
|
| 245 |
1 |
0 |
|a Česká mše vánoční
|h [zvukový záznam] /
|c Jakub Jan Ryba
|
| 260 |
|
|
|a Praha :
|b Arco Diva,
|c p2011
|
| 300 |
|
|
|a 1 zvuková deska :
|b digital, stereo ;
|c 12 cm
|
| 500 |
|
|
|a Kompaktní deska (DDD)
|
| 505 |
0 |
0 |
|t Sinfonia pastorale in D /
|r Jan Václav Antonín Stamic --
|t Milí synáčkové /
|r Jakub Jan Ryba --
|t Sinfonie pastoralis in D /
|r Václav Pichl --
|t Chvalozpěv při vánoční slavnosti narození Krista Pána "Hej, hej, bratři" /
|r Jakub Jan Ryba
|
| 511 |
0 |
|
|a Anna Hlavenková, soprán ; Boni Pueri, sbormistr Pavel Horák a další
|
| 650 |
0 |
4 |
|a vánoční mše (zpěv (4), chlapecký sbor, komorní orchestr)
|7 ph556544
|
| 650 |
0 |
7 |
|a sinfonie
|7 ph321727
|2 czenas
|
| 650 |
0 |
7 |
|a chvalozpěvy
|7 ph224365
|2 czenas
|
| 655 |
|
7 |
|a kompaktní desky
|7 fd201991
|2 czenas
|
| 700 |
1 |
|
|a Hlavenková, Anna
|7 jn20010602001
|4 sng
|
| 700 |
1 |
|
|a Horák, Pavel,
|d 1967-
|7 mzk2003188015
|4 cnd
|
| 700 |
1 |
2 |
|a Stamic, Jan Václav Antonín,
|d 1717-1757.
|t Symfonie,
|n op. 4.
|n Č. 2
|7 aun2012719163
|
| 700 |
1 |
2 |
|a Ryba, Jakub Jan,
|d 1765-1815.
|t Milí synáčkové
|
| 700 |
1 |
2 |
|a Pichl, Václav,
|d 1741-1805.
|t Sinfonia pastoralis in D
|
| 700 |
1 |
2 |
|a Ryba, Jakub Jan,
|d 1765-1815.
|t Hej, hej, bratři
|
| 910 |
|
|
|a BOA001
|b CDR-1286.283
|
| 990 |
|
|
|a AV
|
| 991 |
|
|
|b 201208
|
| 996 |
6 |
|
|b 2610515886
|c CDR-1286.283
|l MZK
|r Sklad / do 24 hodin
|n 0
|p p.v.
|w 001265164
|u 000010
|a 1
|e BOA001
|j MZK50
|s P
|